<?xml version="1.0" encoding="UTF-8"?>
<record
    xmlns:xsi="http://www.w3.org/2001/XMLSchema-instance"
    xsi:schemaLocation="http://www.loc.gov/MARC21/slim http://www.loc.gov/standards/marcxml/schema/MARC21slim.xsd"
    xmlns="http://www.loc.gov/MARC21/slim">

  <leader>00614nam a2200217 i 4500</leader>
  <controlfield tag="001">27084</controlfield>
  <controlfield tag="003">ES-MaACL</controlfield>
  <controlfield tag="005">20230906153545.0</controlfield>
  <controlfield tag="007">t|</controlfield>
  <controlfield tag="008">030113s1965    sp            00110 spa d</controlfield>
  <datafield tag="080" ind1=" " ind2=" ">
    <subfield code="a">299.991(=916.9)</subfield>
  </datafield>
  <datafield tag="100" ind1="1" ind2=" ">
    <subfield code="a">Arrinda, Anastasio.</subfield>
    <subfield code="9">23322</subfield>
  </datafield>
  <datafield tag="245" ind1="1" ind2="0">
    <subfield code="a">Religi&#xF3;n prehist&#xF3;rica de los vascos / </subfield>
    <subfield code="c">Anastasio Arrinda.</subfield>
  </datafield>
  <datafield tag="260" ind1=" " ind2=" ">
    <subfield code="a">San Sebasti&#xE1;n : </subfield>
    <subfield code="b">Au&#xF1;amendi, </subfield>
    <subfield code="c">[1965]</subfield>
  </datafield>
  <datafield tag="300" ind1=" " ind2=" ">
    <subfield code="a">298 p. : </subfield>
    <subfield code="b">il. ; </subfield>
    <subfield code="c">22 cm.</subfield>
  </datafield>
  <datafield tag="490" ind1="1" ind2=" ">
    <subfield code="a">Azkue ; </subfield>
    <subfield code="v">10</subfield>
  </datafield>
  <datafield tag="650" ind1=" " ind2="4">
    <subfield code="a">Vascos-</subfield>
    <subfield code="x">Religi&#xF3;n.</subfield>
    <subfield code="9">174653</subfield>
  </datafield>
  <datafield tag="830" ind1="1" ind2=" ">
    <subfield code="a">Azkue ; </subfield>
    <subfield code="v">10</subfield>
    <subfield code="9">186375</subfield>
  </datafield>
  <datafield tag="852" ind1="4" ind2=" ">
    <subfield code="a">ES-MaACL</subfield>
    <subfield code="j">C-28699</subfield>
  </datafield>
  <datafield tag="999" ind1=" " ind2=" ">
    <subfield code="c">27084</subfield>
    <subfield code="d">27084</subfield>
  </datafield>
  <datafield tag="952" ind1=" " ind2=" ">
    <subfield code="0">0</subfield>
    <subfield code="1">0</subfield>
    <subfield code="4">0</subfield>
    <subfield code="7">0</subfield>
    <subfield code="a">ATENEOM</subfield>
    <subfield code="b">ATENEOM</subfield>
    <subfield code="c">DEPO2</subfield>
    <subfield code="d">2008-01-17</subfield>
    <subfield code="e">SC</subfield>
    <subfield code="l">0</subfield>
    <subfield code="o">C-28699</subfield>
    <subfield code="p">1027955</subfield>
    <subfield code="r">2023-02-23 00:00:00</subfield>
    <subfield code="w">2023-02-23</subfield>
    <subfield code="y">MONOGRAFIA</subfield>
  </datafield>
</record>
